000 00385nam a2200145 i 4500
001 bg
100 1 _aTOKARSKI, Mieczysław
245 0 _aWprowadzenie w termodynamikę stopów /
_cMieczysław Tokarski, Stanisław Tkaczyk.
260 _aOpole,
_c1977.
700 1 _aTKACZYK, Stanisław
040 _cBPK
041 _apol
942 _cKS
008 s pl f |000 0 pol
999 _c17363
_d17363
856 _uhttp://koha.tu.koszalin.pl/cgi-bin/koha/opac-detail.pl?biblionumber=17363
_yKatalog online BPK